Serbia - Pirot Settlements - Statistics

General Stats
  • This quiz has been taken 6 times
  • The average score is 64 of 90
Answers on the Map
Answers color-coded by a green-red scale on the quiz's map according to % correct below.
 
Answer Stats
Answer % Correct
Barje
100%
Basara
100%
Beg Bašta
100%
Berilovac
100%
Berilovačka Kapija
100%
Blato
100%
Đeram
100%
Dobri Do
100%
Dojkinci
100%
Gnjilan
100%
Gostuša
100%
Gradašnica
100%
Izvor
100%
Koprivštica
100%
Kostur
100%
Krupac
100%
Mali Jovanovac
100%
Mali Suvodol
100%
Nišor
100%
Nova Bolnica
100%
Novi Zavoj
100%
Pakleštica
100%
Poljska Ržana
100%
Prčevac
100%
Radin Do
100%
Rsovci
100%
Slavinja
100%
Slavonija
100%
Sopot
100%
Temska
100%
Topli Do
100%
Trnjana
100%
Velika Lukanja
100%
Veliki Jovanovac
100%
Veliki Suvodol
100%
Veliko Selo
100%
Visočka Ržana
100%
Zavojsko Naselje
100%
Barje čiflik
75%
Bazovik
75%
Bela
75%
Belo Polje
75%
Brlog
75%
Crnoklište
75%
Jelovica
75%
Kale
75%
Kamik
75%
Nova Mala
75%
Pokrevenik
75%
Prisjan
75%
Rasadnik
75%
Rogoz
75%
Rudinje
75%
Staničenje
75%
Sukovo
75%
Tanasko Rajić
75%
Tigrovo Naselje
75%
Tijabara
75%
Zaskovci
75%
Berovica
50%
Carev Del
50%
Cerova
50%
Crvenčevo
50%
Držina
50%
Gornja Držina
50%
Oreovica
50%
Osmi septembar
50%
Ponor
50%
Prisjansko Naselje
50%
Rasnica
50%
Rosomač
50%
Stanica
50%
Činiglavci
25%
Jalbotina
25%
Kumanovo
25%
Mirkovci
25%
Osmakova
25%
Pasjač
25%
Petrovac
25%
Planinica
25%
Ragodeš
25%
Sinja Glava
25%
Šugrin
25%
Vlasi
25%
Vojnegovac
25%
Gradište
0%
Obrenovac
0%
Orlja
0%
Srećkovac
0%
Vranište
0%
No matching quizzes found
Score Distribution
Percent of People with Each Score
Percentile by Number Answered
Your Score History
You have not taken this quiz